[Event "DEM U10/U10w 2008"]
[Site "Willingen GER"]
[Date "2008.05.14"]
[Round "6"]
[White "Boes, Julian"]
[Black "Nobis, Anna"]
[Result "0-1"]
[Termination "normal"]
[Board "30"]
[WhiteElo "966"]
[BlackElo "1189"]
[PlyCount "72"]
[WhiteFideId "12907723"]
[BlackFideId "1270302"]
[EventCountry "GER"]
[EventRounds "11"]
[EventType "swiss"]
[EventDate "2008.05.10"]

1. e4 c5 2. Nf3 Nc6 3. c3 d6 4. d4 cxd4 5. cxd4 Nf6 6. Nc3 g6 7. d5 Ne5 8. Nxe5
dxe5 9. Bg5 Bg7 10. Bb5+ Bd7 11. Bxd7+ Qxd7 12. Qc2 O-O 13. O-O Rac8 14. h3 e6
15. dxe6 Qxe6 16. Rfd1 Qc6 17. Qd3 a6 18. Qd6 Ne8 19. Qxc6 Rxc6 20. Be7 Nf6 21.
Bxf8 Kxf8 22. Rd3 b5 23. f3 b4 24. Nd5 Nxd5 25. Rxd5 Rc2 26. b3 Bh6 27. Rd3 Bf4
28. Kh1 Rc3 29. Rad1 Ke7 30. a3 Rxd3 31. Rxd3 bxa3 32. Rd1 Be3 33. Ra1 Bc5 34.
Kh2 Kd6 35. Kg3 Kc6 36. Kh2 Kb5 0-1

[Event "DEM U10/U10w 2008"]
[Site "Willingen GER"]
[Date "2008.05.14"]
[Round "6"]
[White "Altstadt, Karl-Simon"]
[Black "Weis, Olga"]
[Result "0-1"]
[Termination "normal"]
[Board "31"]
[WhiteElo "1177"]
[BlackElo "1027"]
[PlyCount "124"]
[WhiteFideId "24696676"]
[BlackFideId "1270234"]
[EventCountry "GER"]
[EventRounds "11"]
[EventType "swiss"]
[EventDate "2008.05.10"]

1. e4 e5 2. Nf3 Nc6 3. Nc3 Bc5 4. d3 h6 5. Be2 Nf6 6. Bd2 O-O 7. h3 d6 8. O-O
Be6 9. Nh2 Nd4 10. Bg4 c6 11. a3 a5 12. Bxe6 fxe6 13. Ng4 d5 14. Nxe5 Bb6 15.
Ng4 Bc7 16. e5 Nxg4 17. Qxg4 Nf5 18. Qg6 Qe8 19. Qxe8 Rfxe8 20. Rfe1 Nd4 21.
Rac1 Rf8 22. Nd1 b5 23. Bc3 Bb6 24. Bxd4 Bxd4 25. c3 Bb6 26. c4 Rac8 27. c5 Bc7
28. g3 Rf3 29. Kg2 Rxd3 30. f4 Rd4 31. Kf3 Rc4 32. Rxc4 dxc4 33. Ne3 Rd8 34.
Rd1 Rxd1 35. Nxd1 Kh7 36. Ke4 Kg6 37. g4 Kf7 38. f5 g6 39. h4 gxf5+ 40. gxf5
exf5+ 41. Kxf5 Bd8 42. h5 Bg5 43. Nf2 Bc1 44. Ng4 b4 45. e6+ Ke7 46. Ne5 Bxb2
47. Nxc6+ Ke8 48. axb4 c3 49. Nd4 axb4 50. c6 Kd8 51. Kf6 c2 52. e7+ Ke8 53. c7
Bxd4+ 54. Kg6 c1=Q 55. c8=Q+ Qxc8 56. Kxh6 Qe6+ 57. Kg5 Qxe7+ 58. Kf5 b3 59. h6
b2 60. Kg6 b1=Q+ 61. Kh5 Qd1+ 62. Kg6 Qg4# 0-1

[Event "DEM U10/U10w 2008"]
[Site "Willingen GER"]
[Date "2008.05.14"]
[Round "6"]
[White "Wenzke, Tim"]
[Black "Marach, Jonas"]
[Result "1-0"]
[Termination "normal"]
[Board "32"]
[WhiteElo "1129"]
[BlackElo "1000"]
[PlyCount "111"]
[BlackFideId "1270493"]
[EventCountry "GER"]
[EventRounds "11"]
[EventType "swiss"]
[EventDate "2008.05.10"]

1. d4 d5 2. c4 e6 3. Bf4 Nf6 4. Nc3 Bd6 5. Bd2 c6 6. a3 Nbd7 7. e3 a6 8. Qc2 c5
9. Nf3 O-O 10. Bd3 dxc4 11. Bxc4 b5 12. Be2 Bb7 13. Bd3 c4 14. Be2 Re8 15. e4
e5 16. d5 Qb6 17. h3 Bc5 18. Rf1 Rad8 19. g4 a5 20. Nd1 b4 21. Qxc4 Rc8 22. Qd3
Bd4 23. Nxd4 Qxd4 24. Qxd4 exd4 25. f3 Re7 26. Bd3 Bxd5 27. Nf2 Bc4 28. Rc1 Nb6
29. axb4 Bxd3 30. Rxc8+ Nxc8 31. Nxd3 axb4 32. Bxb4 Nd5 33. Bxe7 Ndxe7 34. Kd2
f6 35. Rc1 Kf7 36. Nf4 Na7 37. Rc7 Nac6 38. Nd5 g6 39. Nxe7 Nxe7 40. Kd3 Ke6
41. Rxe7+ Kxe7 42. Kxd4 Kd6 43. b4 Kc6 44. Kc4 h6 45. f4 h5 46. gxh5 gxh5 47.
h4 Kb6 48. Kd5 Kb5 49. Ke6 Kxb4 50. Kxf6 Kc5 51. e5 Kc6 52. e6 Kc7 53. Kf7 Kd6
54. e7 Kd5 55. e8=Q Kd4 56. Kf6 1-0

[Event "DEM U10/U10w 2008"]
[Site "Willingen GER"]
[Date "2008.05.14"]
[Round "6"]
[White "Damm, Nils"]
[Black "Baberz, Alexander"]
[Result "1/2-1/2"]
[Termination "normal"]
[Board "33"]
[WhiteElo "1109"]
[BlackElo "984"]
[PlyCount "51"]
[WhiteFideId "24693065"]
[BlackFideId "12921734"]
[EventCountry "GER"]
[EventRounds "11"]
[EventType "swiss"]
[EventDate "2008.05.10"]

1. e4 c5 2. Nf3 d6 3. d4 cxd4 4. Nxd4 Nf6 5. Nc3 a6 6. Bc4 e6 7. Bb3 Be7 8. Be3
O-O 9. Nf3 Nbd7 10. Qd2 Qc7 11. Ng5 h6 12. Nf3 b5 13. a3 Bb7 14. Nd4 Rfc8 15.
Qd3 Nc5 16. Qe2 Nxb3 17. cxb3 Nxe4 18. Nxe4 Bxe4 19. Qg4 Bg6 20. h4 h5 21. Qf3
Bf6 22. Rc1 Qd7 23. O-O e5 24. Ne2 Bf5 25. Ng3 Bg4 26. Qd5 1/2-1/2

[Event "DEM U10/U10w 2008"]
[Site "Willingen GER"]
[Date "2008.05.14"]
[Round "6"]
[White "Borrink, Guido"]
[Black "Moses, Selina"]
[Result "0-1"]
[Termination "normal"]
[Board "34"]
[WhiteElo "1098"]
[BlackElo "954"]
[PlyCount "100"]
[WhiteFideId "1270502"]
[BlackFideId "12908070"]
[EventCountry "GER"]
[EventRounds "11"]
[EventType "swiss"]
[EventDate "2008.05.10"]

1. d4 d5 2. Bf4 Nf6 3. Nf3 Bf5 4. e3 e6 5. c4 Bxb1 6. Rxb1 Nbd7 7. Bd3 Bb4+ 8.
Nd2 Bxd2+ 9. Qxd2 O-O 10. O-O Re8 11. Be5 Nxe5 12. dxe5 dxc4 13. exf6 cxd3 14.
fxg7 Kxg7 15. Rfd1 Qd7 16. Qxd3 Qxd3 17. Rxd3 Rad8 18. Rbd1 Rxd3 19. Rxd3 c5
20. Rd7 c4 21. Rc7 Rd8 22. h4 Rd2 23. Rxb7 a5 24. Rc7 Rxb2 25. Rxc4 Rxa2 26.
Rc7 a4 27. Ra7 a3 28. f3 Ra1+ 29. Kf2 Kf6 30. e4 Ke5 31. Ke3 a2 32. g4 Re1+ 33.
Kf2 a1=Q 34. Rxa1 Rxa1 35. Ke3 Ra3+ 36. Kf2 Kf4 37. h5 Ra2+ 38. Ke1 Kxf3 39. g5
Rh2 40. h6 Kxe4 41. g6 fxg6 42. Kf1 Kf3 43. Ke1 Rg2 44. Kf1 e5 45. Ke1 Rh2 46.
Kd1 Ke3 47. Kc1 Kd3 48. Kb1 Kc3 49. Ka1 Kb3 50. Kb1 Rh1# 0-1

[Event "DEM U10/U10w 2008"]
[Site "Willingen GER"]
[Date "2008.05.14"]
[Round "6"]
[White "Braun, Nicklas Stefan"]
[Black "Gerken, Frieso"]
[Result "0-1"]
[Termination "normal"]
[Board "35"]
[WhiteElo "1097"]
[BlackElo "878"]
[PlyCount "104"]
[BlackFideId "1270505"]
[EventCountry "GER"]
[EventRounds "11"]
[EventType "swiss"]
[EventDate "2008.05.10"]

1. e4 e5 2. Bc4 Nf6 3. d3 Bc5 4. Nf3 d6 5. c3 Nc6 6. O-O Bg4 7. Nbd2 O-O 8. Re1
Qd7 9. Nf1 h6 10. Ng3 Rad8 11. h3 Be6 12. Bb5 a6 13. Ba4 b5 14. Bc2 Rfe8 15. d4
exd4 16. cxd4 Bb4 17. d5 Bxe1 18. Qxe1 Bxd5 19. Nd2 Nd4 20. Bd3 c5 21. Bb1 Re6
22. Qd1 Bc6 23. b3 Rde8 24. Bb2 d5 25. f3 Qb7 26. b4 Qb6 27. a3 cxb4 28. axb4
Nb3+ 29. Kh1 Nxa1 30. Bxa1 Nd7 31. Qc2 g6 32. Qb2 f6 33. exd5 Re1+ 34. Ndf1
Bxd5 35. Bxg6 R8e7 36. Qd4 Qxd4 37. Bxd4 Bc4 38. Kg1 Ne5 39. Be4 Rd7 40. Bf2
Ra1 41. Bf5 Rdd1 42. Kh2 Bxf1 43. Be6+ Kg7 44. Nf5+ Kh7 45. Be3 Bd3 46. Nxh6
Re1 47. Bg8+ Kg7 48. Bd4 Kxh6 49. Bxa1 Rxa1 50. Be6 Ra4 51. Bc8 Nc6 52. Bb7
Nxb4 0-1

[Event "DEM U10/U10w 2008"]
[Site "Willingen GER"]
[Date "2008.05.14"]
[Round "6"]
[White "Truong, Van Trang"]
[Black "Kempe, Anne"]
[Result "1-0"]
[Termination "normal"]
[Board "37"]
[WhiteElo "950"]
[BlackElo "1103"]
[PlyCount "137"]
[BlackFideId "12918083"]
[EventCountry "GER"]
[EventRounds "11"]
[EventType "swiss"]
[EventDate "2008.05.10"]

1. e4 c5 2. Nf3 d6 3. Bc4 Nf6 4. d3 g6 5. c3 e5 6. Nbd2 Bg7 7. O-O O-O 8. Re1
Nc6 9. Nf1 Rb8 10. Ne3 Re8 11. h3 Qe7 12. a3 Be6 13. Ba2 Red8 14. d4 Bxa2 15.
Rxa2 Nxe4 16. Ng4 Qe6 17. Ra1 Nf6 18. Nxf6+ Bxf6 19. d5 Qf5 20. dxc6 bxc6 21.
Qa4 Qd7 22. Bh6 Bg7 23. Bxg7 Kxg7 24. Rad1 f6 25. Rb1 d5 26. Qg4 Qxg4 27. hxg4
d4 28. cxd4 cxd4 29. b4 Rd5 30. Rbc1 Rc8 31. a4 a6 32. Kf1 Kf7 33. g5 Ke6 34.
Ke2 e4 35. Kd1 f5 36. Rc4 d3 37. g4 Kd7 38. Nh2 Re8 39. gxf5 gxf5 40. Nf1 Rde5
41. Rc3 Rg8 42. f4 Rd5 43. Nh2 Rh8 44. Kd2 h5 45. g6 Rg8 46. Rg1 Kd6 47. g7 Rd4
48. Rg6+ Ke7 49. Rcxc6 Rxb4 50. Rc7+ Ke8 51. Rxa6 Rb2+ 52. Ke3 Rb8 53. Rf6 Rd8
54. Nf1 h4 55. Rxf5 h3 56. Rh5 Ra8 57. a5 Kd8 58. Rb7 Kc8 59. Rf7 Kb8 60. Kxe4
Ra6 61. Kxd3 Rd6+ 62. Ke4 Re6+ 63. Re5 Rxe5+ 64. fxe5 h2 65. Nxh2 Kc8 66. a6
Kb8 67. a7+ Ka8 68. Rf8+ Rxf8 69. gxf8=Q+ 1-0

[Event "DEM U10/U10w 2008"]
[Site "Willingen GER"]
[Date "2008.05.14"]
[Round "6"]
[White "Oelfke, Nils Lukas"]
[Black "Koch, Elisabeth"]
[Result "1/2-1/2"]
[Termination "normal"]
[Board "38"]
[WhiteElo "921"]
[BlackElo "1097"]
[PlyCount "82"]
[BlackFideId "24695068"]
[EventCountry "GER"]
[EventRounds "11"]
[EventType "swiss"]
[EventDate "2008.05.10"]

1. c4 e5 2. g3 Nf6 3. Nc3 Nc6 4. Bg2 Bc5 5. d3 d6 6. Bg5 h6 7. Bd2 Be6 8. e3
O-O 9. a3 Qd7 10. b4 Bb6 11. b5 Ne7 12. Bxb7 Rad8 13. Bg2 Bh3 14. Qf3 Bxg2 15.
Qxg2 d5 16. Nxd5 Nexd5 17. cxd5 Nxd5 18. Qf1 Nf6 19. Rd1 Qxd3 20. Qxd3 Rxd3 21.
Nf3 Re8 22. O-O e4 23. Nh4 Rxa3 24. Bb4 Ra2 25. Nf5 a5 26. bxa6 Rxa6 27. Bc3
Re6 28. Rd8+ Kh7 29. Rf8 Ba5 30. Bxa5 Rxa5 31. Rc1 Rxf5 32. Rxc7 Ng4 33. Rfxf7
Rxf7 34. Rxf7 Kg6 35. Rf4 Nf6 36. h4 Nd5 37. Rg4+ Kh7 38. h5 g6 39. hxg6+ Rxg6
40. Rxe4 Nc3 41. Re7+ Kg8 1/2-1/2

[Event "DEM U10/U10w 2008"]
[Site "Willingen GER"]
[Date "2008.05.14"]
[Round "6"]
[White "Hartge, Gedeon"]
[Black "Heinemann, Josefine"]
[Result "1-0"]
[Termination "normal"]
[Board "39"]
[WhiteElo "1064"]
[BlackElo "941"]
[PlyCount "71"]
[WhiteFideId "12932116"]
[BlackFideId "12900460"]
[EventCountry "GER"]
[EventRounds "11"]
[EventType "swiss"]
[EventDate "2008.05.10"]

1. d4 d5 2. c4 Nf6 3. Nc3 e6 4. Bg5 c5 5. e3 Nc6 6. Nf3 h6 7. Bh4 b6 8. Be2 Be7
9. O-O O-O 10. Rc1 Ba6 11. b3 Re8 12. Na4 Qc7 13. Bxf6 Bxf6 14. dxc5 bxc5 15.
Nxc5 Nb4 16. Nxa6 Nxa6 17. cxd5 Qa5 18. dxe6 fxe6 19. Rc2 Rad8 20. Qe1 Qb6 21.
Bxa6 Qxa6 22. Qe2 Qa3 23. Qc4 Rd7 24. Qa4 Qe7 25. Rd2 Rc7 26. Rfd1 Rec8 27. h3
Rc1 28. Qf4 g5 29. Qd6 Rd8 30. Qxd8+ Qxd8 31. Rxd8+ Bxd8 32. Rxc1 Kg7 33. a4 a5
34. Rb1 Be7 35. Nd4 Kf6 36. Nc6 1-0

[Event "DEM U10/U10w 2008"]
[Site "Willingen GER"]
[Date "2008.05.14"]
[Round "6"]
[White "Sadjjadi, Anahita"]
[Black "Hümmecke, Sarah"]
[Result "1/2-1/2"]
[Termination "normal"]
[Board "41"]
[WhiteElo "863"]
[BlackElo "997"]
[PlyCount "40"]
[EventCountry "GER"]
[EventRounds "11"]
[EventType "swiss"]
[EventDate "2008.05.10"]

1. e4 e5 2. Nf3 Nc6 3. Bc4 Nf6 4. d3 Be7 5. Nc3 O-O 6. Bd2 Nd4 7. Nxe5 d6 8.
Nf3 Bg4 9. Be3 Nc6 10. h3 Be6 11. Nd2 Bxc4 12. dxc4 Qd7 13. Qf3 Rfe8 14. Qg3
Bf8 15. Nd5 Nxd5 16. cxd5 Nb4 17. O-O-O Qe7 18. a3 Na6 19. Nf3 c6 20. Qf4 h6
1/2-1/2

[Event "DEM U10/U10w 2008"]
[Site "Willingen GER"]
[Date "2008.05.14"]
[Round "6"]
[White "Wagner, Swenja"]
[Black "Buttgereit, Vincent"]
[Result "1/2-1/2"]
[Termination "normal"]
[Board "42"]
[WhiteElo "832"]
[BlackElo "928"]
[PlyCount "44"]
[WhiteFideId "12900494"]
[EventCountry "GER"]
[EventRounds "11"]
[EventType "swiss"]
[EventDate "2008.05.10"]

1. e4 e5 2. Nf3 Nc6 3. Bc4 Bc5 4. c3 Nf6 5. d4 exd4 6. cxd4 Bb4+ 7. Bd2 Be7 8.
Nc3 d6 9. O-O Bg4 10. h3 Bh5 11. d5 Nd4 12. Be2 Nxe2+ 13. Qxe2 O-O 14. Qe3 Qd7
15. Qf4 Bg6 16. e5 Nh5 17. Qc4 f5 18. e6 Qd8 19. Qb3 b6 20. Rfe1 f4 21. Rac1 a6
22. Nd4 Be8 1/2-1/2

[Event "DEM U10/U10w 2008"]
[Site "Willingen GER"]
[Date "2008.05.14"]
[Round "6"]
[White "Schramm, Anna-Lena"]
[Black "Falk, Frederike"]
[Result "0-1"]
[Termination "normal"]
[Board "43"]
[WhiteElo "780"]
[BlackElo "918"]
[PlyCount "72"]
[WhiteFideId "12918237"]
[EventCountry "GER"]
[EventRounds "11"]
[EventType "swiss"]
[EventDate "2008.05.10"]

1. e4 c6 2. Nf3 d5 3. Nc3 Bg4 4. Be2 Nd7 5. Nd4 Bxe2 6. Ncxe2 dxe4 7. Ng3 Ngf6
8. d3 exd3 9. cxd3 e5 10. Qe2 Be7 11. Nf3 Qc7 12. d4 exd4 13. Nf5 Qa5+ 14. Bd2
Qxf5 15. O-O Qe6 16. Qd3 O-O 17. Qxd4 Qf5 18. Nh4 Qg4 19. Qxg4 Nxg4 20. Nf5
Rfe8 21. Bc3 g6 22. Ng7 Rf8 23. f3 Ne3 24. Rfe1 Nd5 25. Bd4 Bf6 26. Bxf6 N7xf6
27. Ne6 fxe6 28. Rxe6 Rae8 29. Rxe8 Rxe8 30. g4 Re3 31. g5 Nd7 32. Kf2 Kf7 33.
h4 Ke6 34. Kg3 Kf5 35. Rd1 Ne5 36. Kg2 Rxf3 0-1

[Event "DEM U10/U10w 2008"]
[Site "Willingen GER"]
[Date "2008.05.14"]
[Round "6"]
[White "Schröder, Janina"]
[Black "Döpper, Anna Berenice"]
[Result "1-0"]
[Termination "normal"]
[Board "44"]
[WhiteElo "738"]
[BlackElo "858"]
[PlyCount "45"]
[WhiteFideId "24693138"]
[BlackFideId "1271853"]
[EventCountry "GER"]
[EventRounds "11"]
[EventType "swiss"]
[EventDate "2008.05.10"]

1. e4 e6 2. Nf3 d5 3. Nc3 dxe4 4. Nxe4 Nc6 5. Bb5 Bd7 6. d3 a6 7. Ba4 b5 8. Bb3
a5 9. c3 a4 10. Bc2 Be7 11. Bf4 Nf6 12. Ng3 Bd6 13. Bd2 O-O 14. O-O e5 15. Bg5
Bg4 16. h3 Bxf3 17. Qxf3 Na5 18. b4 axb3 19. axb3 Qd7 20. Bxf6 gxf6 21. Nh5 Kh8
22. Qxf6+ Kg8 23. Qg7# 1-0

[Event "DEM U10/U10w 2008"]
[Site "Willingen GER"]
[Date "2008.05.14"]
[Round "6"]
[White "Müller, Max"]
[Black "Zeller, Anna"]
[Result "1-0"]
[Termination "normal"]
[Board "45"]
[WhiteElo "800"]
[BlackElo "690"]
[PlyCount "129"]
[WhiteFideId "12900486"]
[EventCountry "GER"]
[EventRounds "11"]
[EventType "swiss"]
[EventDate "2008.05.10"]

1. e4 e5 2. Nf3 Nc6 3. Bc4 Nf6 4. d3 Be7 5. O-O d6 6. h3 a6 7. Ng5 d5 8. exd5
Na5 9. Nc3 Nxc4 10. dxc4 O-O 11. Re1 Bd6 12. Nf3 Re8 13. Bg5 h6 14. Bh4 g5 15.
Nxg5 hxg5 16. Bxg5 c6 17. Ne4 Be7 18. d6 Nxe4 19. Bxe7 Rxe7 20. dxe7 Qxe7 21.
Rxe4 Bf5 22. Re3 Qd7 23. Qxd7 Bxd7 24. Rxe5 f6 25. Re7 Bf5 26. c3 b5 27. g4 Bd3
28. cxb5 axb5 29. Rae1 Bg6 30. Rc7 Bf7 31. Rxc6 Bxa2 32. Rxf6 Kg7 33. Rfe6 Bxe6
34. Rxe6 Ra2 35. Re2 Kg6 36. f4 Ra4 37. Rf2 b4 38. cxb4 Rxb4 39. f5+ Kf6 40.
g5+ Kxg5 41. f6 Rb8 42. Kg2 Rf8 43. b4 Kg6 44. b5 Rb8 45. f7 Kg7 46. f8=Q+ Rxf8
47. Rxf8 Kxf8 48. b6 Ke7 49. b7 Ke6 50. b8=R Ke5 51. Rd8 Ke6 52. Kf3 Ke7 53.
Rd5 Ke6 54. Ke4 Kf6 55. Ra5 Kg6 56. Kf4 Kg7 57. Ra6 Kf7 58. Ke5 Ke7 59. Ra7+
Kd8 60. Kd6 Ke8 61. Rb7 Kf8 62. Ke6 Kg8 63. Kf6 Kh8 64. Kg6 Kg8 65. Rb8# 1-0

[Event "DEM U10/U10w 2008"]
[Site "Willingen GER"]
[Date "2008.05.14"]
[Round "7"]
[White "Bluhm, Sonja Maria"]
[Black "Sawlin, Leonid"]
[Result "1/2-1/2"]
[Termination "normal"]
[Board "1"]
[WhiteElo "1520"]
[BlackElo "1431"]
[PlyCount "45"]
[WhiteFideId "24654027"]
[BlackFideId "4689542"]
[EventCountry "GER"]
[EventRounds "11"]
[EventType "swiss"]
[EventDate "2008.05.10"]

1. e4 g6 2. d4 Bg7 3. Nc3 d6 4. g3 Nc6 5. Be3 e5 6. Nge2 f5 7. h3 Nf6 8. Bg2
O-O 9. O-O Re8 10. f3 Bd7 11. Qd2 Rb8 12. Rad1 Nh5 13. Kh2 exd4 14. Nxd4 Ne5
15. b3 f4 16. gxf4 Nf7 17. Nde2 Nf6 18. Ng3 a6 19. Rg1 Kh8 20. Bf1 Re7 21. Bd4
c5 22. Be3 b5 23. Bf2 1/2-1/2

[Event "DEM U10/U10w 2008"]
[Site "Willingen GER"]
[Date "2008.05.14"]
[Round "7"]
[White "Schröder, Jan-Christian"]
[Black "Grigorian, Spartak"]
[Result "1-0"]
[Termination "normal"]
[Board "2"]
[WhiteElo "1477"]
[BlackElo "1795"]
[PlyCount "91"]
[WhiteFideId "24662259"]
[BlackFideId "24661490"]
[EventCountry "GER"]
[EventRounds "11"]
[EventType "swiss"]
[EventDate "2008.05.10"]

1. e4 e5 2. Nf3 Nc6 3. Bb5 a6 4. Ba4 Nf6 5. O-O Be7 6. Re1 b5 7. Bb3 O-O 8. d3
d6 9. c3 Bb7 10. Nbd2 Na5 11. Bc2 c5 12. Nf1 Nc6 13. d4 cxd4 14. cxd4 Rc8 15.
d5 Nb8 16. Ng3 Rc7 17. Bd2 Bc8 18. Ba5 Nbd7 19. Bxc7 Qxc7 20. b4 Nb6 21. Rc1 g6
22. Bb3 Qa7 23. h3 Bd7 24. Re2 Rc8 25. Rec2 Rxc2 26. Qxc2 Bd8 27. Nd2 a5 28. a3
Ne8 29. Qd3 a4 30. Ba2 Ng7 31. Ngf1 Nh5 32. Ng3 Nf4 33. Qf1 Bh4 34. Kh2 f5 35.
Nf3 Bxg3+ 36. fxg3 fxe4 37. gxf4 exf3 38. Qxf3 exf4 39. Qxf4 Qb8 40. Rf1 Bf5
41. g4 Bd3 42. Rf3 Bc4 43. Qf7+ Kh8 44. Qe7 Nd7 45. Qxd7 Bxa2 46. Qe7 1-0

[Event "DEM U10/U10w 2008"]
[Site "Willingen GER"]
[Date "2008.05.14"]
[Round "7"]
[White "Srokovskiy, Andrea"]
[Black "Müller, Constantin"]
[Result "1/2-1/2"]
[Termination "normal"]
[Board "3"]
[WhiteElo "1528"]
[BlackElo "1275"]
[PlyCount "70"]
[WhiteFideId "4624947"]
[BlackFideId "24697630"]
[EventCountry "GER"]
[EventRounds "11"]
[EventType "swiss"]
[EventDate "2008.05.10"]

1. e4 e6 2. d4 d5 3. exd5 exd5 4. Nf3 Bf5 5. Bd3 Bxd3 6. Qxd3 Bd6 7. O-O c6 8.
Re1+ Ne7 9. Bg5 Nd7 10. Nc3 h6 11. Bh4 g5 12. Bg3 Qc7 13. Bxd6 Qxd6 14. Qe3 Nf8
15. Qe5 Qxe5 16. Rxe5 Nfg6 17. Re3 O-O-O 18. h3 Nf5 19. Re2 Rhe8 20. Rae1 Kd7
21. Rxe8 Rxe8 22. Rxe8 Kxe8 23. g4 Nd6 24. Kg2 Nf4+ 25. Kg3 Nc4 26. b3 Na3 27.
Ne1 b5 28. Kf3 f6 29. Ne2 Nxe2 30. Kxe2 b4 31. Kd2 Nb5 32. Nd3 a5 33. Ke3 Nd6
34. Nc5 Ke7 35. f3 f5 1/2-1/2

[Event "DEM U10/U10w 2008"]
[Site "Willingen GER"]
[Date "2008.05.14"]
[Round "7"]
[White "Hirschmann, Jakob"]
[Black "Manusina, Nicole"]
[Result "0-1"]
[Termination "normal"]
[Board "4"]
[WhiteElo "1335"]
[BlackElo "1601"]
[PlyCount "54"]
[WhiteFideId "24652067"]
[BlackFideId "24657514"]
[EventCountry "GER"]
[EventRounds "11"]
[EventType "swiss"]
[EventDate "2008.05.10"]

1. e4 c6 2. d4 d5 3. exd5 cxd5 4. Bd3 Nc6 5. c3 Nf6 6. h3 e5 7. dxe5 Nxe5 8.
Bf4 Nxd3+ 9. Qxd3 Be7 10. Nf3 O-O 11. O-O Ne4 12. Rd1 Be6 13. Nbd2 Nc5 14. Qc2
Qc8 15. Kh2 Bf5 16. Qc1 Nd3 17. Qc2 Nxf4 18. Qb3 Qc7 19. Kh1 Nd3 20. Kg1 Rad8
21. Nd4 Nc5 22. Qb4 a5 23. Qa3 Ne6 24. Nxe6 fxe6 25. Qb3 Bg6 26. Re1 Rf6 27.
Nf3 Bc5 0-1

[Event "DEM U10/U10w 2008"]
[Site "Willingen GER"]
[Date "2008.05.14"]
[Round "7"]
[White "Keller, Peter"]
[Black "Wagner, Robert"]
[Result "0-1"]
[Termination "normal"]
[Board "5"]
[WhiteElo "1217"]
[BlackElo "1561"]
[PlyCount "48"]
[WhiteFideId "1272105"]
[BlackFideId "24656879"]
[EventCountry "GER"]
[EventRounds "11"]
[EventType "swiss"]
[EventDate "2008.05.10"]

1. e4 c5 2. c3 Nc6 3. d4 e6 4. d5 Nce7 5. c4 Ng6 6. Nc3 d6 7. Qb3 Nf6 8. Bd3 e5
9. Nge2 Nh5 10. Qb5+ Qd7 11. Qxd7+ Bxd7 12. g3 Bg4 13. Ng1 Bd7 14. h3 Be7 15.
g4 Nhf4 16. Bc2 h5 17. f3 hxg4 18. fxg4 Bxg4 19. Nge2 Nxe2 20. Nxe2 Rxh3 21.
Ba4+ Kd8 22. Rf1 Bh4+ 23. Kd1 Ke7 24. Bd2 Rh2 0-1

[Event "DEM U10/U10w 2008"]
[Site "Willingen GER"]
[Date "2008.05.14"]
[Round "7"]
[White "Myagkov, Kirill"]
[Black "Bilchinski, Anton"]
[Result "1-0"]
[Termination "normal"]
[Board "6"]
[WhiteElo "1582"]
[BlackElo "1477"]
[PlyCount "127"]
[WhiteFideId "24657042"]
[BlackFideId "24615765"]
[EventCountry "GER"]
[EventRounds "11"]
[EventType "swiss"]
[EventDate "2008.05.10"]

1. e4 c5 2. Nf3 d6 3. d4 cxd4 4. Nxd4 Nf6 5. Nc3 g6 6. Be3 Bg7 7. Bd3 O-O 8. h3
Nc6 9. Bb5 Bd7 10. Bxc6 bxc6 11. O-O Qc7 12. Qd2 Rab8 13. Rab1 c5 14. Nde2 Bc6
15. Ng3 Rb7 16. Bh6 Rfb8 17. Bxg7 Kxg7 18. b3 Qa5 19. Qe3 Qc7 20. Qg5 Qd7 21.
Nf5+ Kh8 22. Nh6 Rf8 23. e5 Nh5 24. exd6 exd6 25. Nd5 Kg7 26. Ng4 Bxd5 27. Qxd5
Nf6 28. Nxf6 Kxf6 29. Rbd1 Kg7 30. Qxd6 Qxd6 31. Rxd6 Rc7 32. Re1 Rb8 33. c4 f6
34. Ree6 Rf8 35. Rc6 Rff7 36. Kf1 f5 37. Rf6 Rfe7 38. Rfe6 Rf7 39. Ke2 Rfd7 40.
Rxc7 Rxc7 41. Re5 Kf6 42. f4 g5 43. g3 h6 44. Kd3 gxf4 45. gxf4 Rd7+ 46. Rd5
Rxd5+ 47. cxd5 Ke7 48. Kc4 Kd6 49. a3 a5 50. a4 h5 51. h4 Kc7 52. Kxc5 Kd7 53.
d6 Kc8 54. Kc6 Kd8 55. d7 Ke7 56. Kc7 Ke6 57. d8=Q Kf7 58. Qd5+ Ke7 59. Qxf5
Ke8 60. Qd7+ Kf8 61. Kd6 Kg8 62. Ke6 Kh8 63. Kf6 Kg8 64. Qg7# 1-0

[Event "DEM U10/U10w 2008"]
[Site "Willingen GER"]
[Date "2008.05.14"]
[Round "7"]
[White "Donchenko, Alexander"]
[Black "Wiesner, Paula"]
[Result "1-0"]
[Termination "normal"]
[Board "7"]
[WhiteElo "1814"]
[BlackElo "1364"]
[PlyCount "57"]
[WhiteFideId "24603295"]
[BlackFideId "24654019"]
[EventCountry "GER"]
[EventRounds "11"]
[EventType "swiss"]
[EventDate "2008.05.10"]

1. d4 d5 2. Nf3 Nf6 3. c4 e6 4. Nc3 Be7 5. Bg5 O-O 6. e3 b6 7. Bd3 Bb7 8. O-O
c5 9. Qe2 Nc6 10. Rfd1 dxc4 11. Bxc4 cxd4 12. Nxd4 Qc7 13. Nf3 Rfd8 14. Bf4 Bd6
15. Nb5 Qe7 16. Bxd6 Qd7 17. Bc7 Qe7 18. Bxd8 Rxd8 19. Rxd8+ Qxd8 20. Rd1 Qe7
21. Nd6 Ba8 22. Bb5 h6 23. Qc4 Nd8 24. Nc8 Qf8 25. Qc7 Nb7 26. Ne7+ Kh7 27. Bc6
Na5 28. Rd8 Ne8 29. Rxe8 1-0

[Event "DEM U10/U10w 2008"]
[Site "Willingen GER"]
[Date "2008.05.14"]
[Round "7"]
[White "Bach, Jannik"]
[Black "Wendland, Tobias"]
[Result "0-1"]
[Termination "normal"]
[Board "8"]
[WhiteElo "1642"]
[BlackElo "1314"]
[PlyCount "106"]
[WhiteFideId "24615900"]
[BlackFideId "24662267"]
[EventCountry "GER"]
[EventRounds "11"]
[EventType "swiss"]
[EventDate "2008.05.10"]

1. e4 e6 2. d4 d5 3. exd5 exd5 4. Bd3 Nf6 5. Bf4 Be7 6. Nc3 c6 7. Nge2 O-O 8.
Qd2 Bg4 9. f3 Be6 10. O-O-O Nbd7 11. g4 b5 12. h4 b4 13. Nb1 Qb6 14. h5 Rfc8
15. g5 Ne8 16. Ng3 c5 17. Nf5 Bf8 18. g6 c4 19. gxh7+ Kh8 20. Ng3 cxd3 21. Qxd3
a5 22. Rde1 Rc4 23. Be3 a4 24. Nd2 Rc6 25. Nf5 a3 26. Nh4 axb2+ 27. Kxb2 Qa5
28. Ra1 Qa3+ 29. Qxa3 bxa3+ 30. Kc1 Rac8 31. Kd1 Rxc2 32. Ke2 Bb4 33. h6 g6 34.
Rab1 Bxd2 35. Bxd2 Rxa2 36. Rhc1 Rxc1 37. Rxc1 Kxh7 38. Rc8 Nef6 39. Ra8 Nb6
40. Ra6 Nc4 41. f4 Rxd2+ 42. Ke1 a2 43. f5 Bxf5 44. Nxf5 gxf5 45. Ra4 Rh2 46.
Kd1 Rh1+ 47. Kc2 a1=Q 48. Rxa1 Rxa1 49. Kd3 Re1 50. Kc2 f4 51. Kc3 f3 52. Kb4
f2 53. Kc5 f1=Q 0-1

[Event "DEM U10/U10w 2008"]
[Site "Willingen GER"]
[Date "2008.05.14"]
[Round "7"]
[White "Hoppe, Jonas"]
[Black "Xiong, Ferdinand"]
[Result "1-0"]
[Termination "normal"]
[Board "9"]
[WhiteElo "1280"]
[BlackElo "1500"]
[PlyCount "69"]
[BlackFideId "24654132"]
[EventCountry "GER"]
[EventRounds "11"]
[EventType "swiss"]
[EventDate "2008.05.10"]

1. e4 c5 2. c4 Nc6 3. Nc3 d6 4. g3 g6 5. Bg2 Bg7 6. Nge2 e6 7. d3 Nge7 8. Be3
O-O 9. O-O a6 10. Qd2 Re8 11. Bh6 Bh8 12. Nf4 Nd4 13. Nce2 Nec6 14. Nxd4 Nxd4
15. Ne2 Rb8 16. Nxd4 Bxd4 17. Be3 Bh8 18. f4 b5 19. Rab1 bxc4 20. dxc4 Qe7 21.
Rfd1 Rb6 22. e5 dxe5 23. Qa5 Rd6 24. Bxc5 Rxd1+ 25. Rxd1 Qf6 26. Bc6 exf4 27.
Bxe8 fxg3 28. hxg3 Qf3 29. Bxf7+ Kg7 30. Bd4+ Kh6 31. Qd2+ Kh5 32. Qh2+ Kg5 33.
Qh4+ Kf5 34. Rf1 Bxd4+ 35. Qxd4 1-0